00270 a2200085 4500000002500000020001800025100002700043245009100070260002300161 nam a22 7a 4500 a9781498783590 aKaushik, Brajesh Kumar aSpacer engineered FinFET architectures : high-performance digital circuit applications bCRC Press, c2017.